| 000 | 00450nam a2200157Ia 4500 | ||
|---|---|---|---|
| 999 |
_c23265 _d23265 |
||
| 003 | OSt | ||
| 005 | 20200214151903.0 | ||
| 008 | 190216s9999||||xx |||||||||||||| ||und|| | ||
| 040 | _coclc | ||
| 082 |
_a920 _bKUN/B |
||
| 100 |
_aKunhimoosa, K P _91999 |
||
| 245 | 0 |
_aB Pocker Sahib / _cK P Kunhimoosa |
|
| 260 |
_bGrace Educational Association, _c2013. _aMalappuram: |
||
| 300 | _a87p | ||
| 942 |
_cBK _2ddc _h920 _iKUN/B _k920 _mKUN/B |
||